000 00505nam a2200157 a 4500
008 120416s1963 ||||||||||||||||| || u
050 _aQK 882 Bai
100 _aBailey, Legget J
245 1 0 _aPhotosythesis
260 _aLondon
_bThe Royal Inst. Of Chemistry
_c1963
300 _a30p.
350 _a0.00
650 _aPHOTOSYNTHESIS
650 _aPLANTS
995 _D0.00
_FCBU-MAIN LIBRARY (Kitwe)
_H1
_I0.35
_M1
_UDAMAGED
_ZMain Library Open Access Collection
999 _c53530
_d53530